[Event "SDS Naestved Open"]
[Site "Naestved"]
[Date "1988.07.23"]
[Round "1"]
[White "Fries Nielsen, Jens Ove"]
[Black "Sziva, Erika"]
[Result "1-0"]
[WhiteElo "2385"]
[BlackElo "2220"]
[PlyCount "79"]
[EventDate "1988.07.23"]
[EventType "swiss"]
[EventRounds "9"]
[EventCountry "DEN"]
[SourceTitle "Gl Danbase og ChessBase"]

1. Nf3 Nf6 2. g3 g6 3. b3 Bg7 4. Bb2 O-O 5. Bg2 c5 6. O-O d6 7. d4 Nc6 8. d5 Na5 9. Re1 e5 10. dxe6 fxe6 11. e4 Nc6 12. Nbd2 e5 13. Nc4 Ne8 14. c3 Qf6 15. Ne3 Be6 16. Re2 h6 17. Nd2 Rd8 18. Qf1 Qf7 19. Bh3 Nf6 20. Rd1 h5 21. Bxe6 Qxe6 22. Ree1 Kh8 23. Qd3 Nh7 24. h4 Nf6 25. Bc1 Ng4 26. Nxg4 Qxg4 27. Nc4 Rd7 28. Qe2 Qe6 29. a4 Ne7 30. Rd3 Ng8 31. Red1 Rfd8 32. Bg5 Bf6 33. Qd2 Rf8 34. Rxd6 Rxd6 35. Qxd6 Qxd6 36. Rxd6 Bxg5 37. hxg5 Rf3 38. Nxe5 Rxc3 39. Rd7 Rxb3 40. Nxg6# 1-0

[Event "SDS Naestved Open"]
[Site "Naestved"]
[Date "1988.07.23"]
[Round "1"]
[White "Halasz, Tamas"]
[Black "Kamaras, Peter"]
[Result "1/2-1/2"]
[WhiteElo "2405"]
[BlackElo "2265"]
[PlyCount "24"]
[EventDate "1988.07.23"]
[EventType "swiss"]
[EventRounds "9"]
[EventCountry "DEN"]
[SourceTitle "Gl Danbase og ChessBase"]

1. f4 d5 2. Nf3 Nf6 3. e3 c5 4. b3 Nc6 5. Bb2 g6 6. Bb5 Bg7 7. O-O O-O 8. Bxc6 bxc6 9. d3 Qb6 10. Nbd2 c4 11. Qe2 cxd3 12. cxd3 Ba6 1/2-1/2

[Event "SDS Naestved Open"]
[Site "Naestved"]
[Date "1988.07.23"]
[Round "1"]
[White "Hector, Jonny"]
[Black "Simon, Ralf Axel"]
[Result "1/2-1/2"]
[WhiteElo "2435"]
[BlackElo "2285"]
[PlyCount "113"]
[EventDate "1988.07.23"]
[EventType "swiss"]
[EventRounds "9"]
[EventCountry "DEN"]
[SourceTitle "Gl Danbase og ChessBase"]

1. Nc3 d5 2. d4 Nf6 3. Bg5 Nbd7 4. Nf3 h6 5. Bh4 e6 6. e4 g5 7. Bg3 Nxe4 8. Nxe4 dxe4 9. Ne5 Bg7 10. h4 Nxe5 11. Bxe5 Bxe5 12. dxe5 Bd7 13. Qg4 Qe7 14. Qxe4 Bc6 15. Qd4 Rd8 16. Qc3 gxh4 17. Rd1 Qg5 18. Rh3 Rxd1+ 19. Kxd1 Bxg2 20. Bxg2 Qxg2 21. b3 Qf1+ 22. Kd2 Rg8 23. Qxc7 Qxf2+ 24. Kc1 Rg1+ 25. Kb2 Qd4+ 26. Ka3 Rg3 27. Rh1 Qd8 28. Qxb7 Qa5+ 29. Kb2 Qxe5+ 30. Kb1 Qd4 31. Rf1 f5 32. Qh1 Qe4 33. Qxe4 fxe4 34. Kc1 h3 35. Kd2 Rg2+ 36. Ke3 Rxc2 37. Rf6 h2 38. Rxe6+ Kf7 39. Rxh6 Rxa2 40. Kxe4 Kg7 41. Rh3 Rb2 42. Kf4 Kf6 43. Rh6+ Ke7 44. Ke5 Re2+ 45. Kf4 Kd8 46. Rh7 Kc8 47. Kg3 Rb2 48. Rxh2 Rxb3+ 49. Kf4 Rd3 50. Ke4 Rd7 51. Ke3 Kb7 52. Rd2 Rc7 53. Kd3 a5 54. Rc2 Rh7 55. Kc3 Kb6 56. Rb2+ Kc5 57. Rb8 1/2-1/2

[Event "SDS Naestved Open"]
[Site "Naestved"]
[Date "1988.07.23"]
[Round "1"]
[White "Jakobsen, Ole"]
[Black "Hansen, Soren Bech"]
[Result "1-0"]
[WhiteElo "2385"]
[BlackElo "2255"]
[PlyCount "127"]
[EventDate "1988.07.23"]
[EventType "swiss"]
[EventRounds "9"]
[EventCountry "DEN"]
[SourceTitle "Gl Danbase og ChessBase"]

1. c4 Nf6 2. Nc3 d5 3. cxd5 Nxd5 4. g3 g6 5. Bg2 Nb6 6. d3 Bg7 7. Be3 O-O 8. Qd2 Nc6 9. Bxc6 bxc6 10. Bh6 c5 11. Bxg7 Kxg7 12. Nf3 Bb7 13. Qe3 c4 14. O-O-O Bxf3 15. Qxf3 Qd4 16. e3 Qc5 17. d4 Qb4 18. Qc6 Rab8 19. Rd2 Qd6 20. Qc5 Rfd8 21. Rhd1 a6 22. h4 Re8 23. f4 f6 24. e4 e5 25. fxe5 fxe5 26. Qxd6 cxd6 27. dxe5 dxe5 28. Rd6 Rf8 29. Re6 Rf2 30. Rd2 Rf1+ 31. Kc2 Rg1 32. Rxe5 Rxg3 33. h5 Rb7 34. a4 Kf6 35. Rc5 gxh5 36. Rxh5 Kg6 37. Rc5 Nd7 38. Rxc4 Ne5 39. Rc5 Rg5 40. Nd5 Nf3 41. Nf4+ Kf7 42. Rxg5 Nxg5 43. Rd6 Nxe4 44. Rxa6 Rc7+ 45. Kd1 Nc5 46. Ra5 Nb3 47. Rf5+ Ke8 48. Ne2 Rc4 49. Rb5 Nc5 50. a5 Nd7 51. b4 Rc6 52. Kd2 Kd8 53. Nd4 Rg6 54. Rf5 Kc8 55. Kd3 h6 56. Rh5 Kb7 57. Kc4 Ka6 58. Rd5 Nb8 59. Rd8 Nc6 60. b5+ Kxa5 61. bxc6 Kb6 62. Rb8+ Kc7 63. Rb7+ Kc8 64. Rh7 1-0

[Event "SDS Naestved Open"]
[Site "Naestved"]
[Date "1988.07.23"]
[Round "1"]
[White "Mortensen, Peter Munch"]
[Black "Schandorff, Lars"]
[Result "1/2-1/2"]
[WhiteElo "2270"]
[BlackElo "2415"]
[PlyCount "75"]
[EventDate "1988.07.23"]
[EventType "swiss"]
[EventRounds "9"]
[EventCountry "DEN"]
[SourceTitle "Gl Danbase og ChessBase"]

1. d4 d5 2. Nf3 Nf6 3. c4 dxc4 4. Qa4+ c6 5. Qxc4 Bf5 6. Nbd2 e6 7. g3 h6 8. Bg2 Nbd7 9. O-O Be7 10. b4 Qb6 11. Ba3 Ne4 12. Rfd1 O-O 13. Qb3 Nxd2 14. Nxd2 Rfd8 15. Nc4 Qc7 16. Rac1 a6 17. e4 Bg4 18. Rd2 Nf8 19. Qe3 Rac8 20. h3 Bh5 21. d5 cxd5 22. exd5 Qb8 23. d6 Bf6 24. Qb6 Rd7 25. Kh2 Bd8 26. Qd4 f6 27. Nb6 Bxb6 28. Qxb6 Rxc1 29. Bxc1 Bf7 30. Ba3 e5 31. b5 axb5 32. Qxb5 Qc8 33. Rb2 Qc3 34. Qb4 Qxb4 35. Bxb4 Ne6 36. Ba3 Nd8 37. Rc2 Be6 38. Rc7 1/2-1/2

[Event "SDS Naestved Open"]
[Site "Naestved"]
[Date "1988.07.23"]
[Round "1"]
[White "Ochsner, Thomas"]
[Black "Hansen, Lars Bo"]
[Result "0-1"]
[WhiteElo "2275"]
[BlackElo "2455"]
[PlyCount "126"]
[EventDate "1988.07.23"]
[EventType "swiss"]
[EventRounds "9"]
[EventCountry "DEN"]
[SourceTitle "Gl Danbase og ChessBase"]

1. e4 e6 2. d4 d5 3. Nd2 c5 4. exd5 Qxd5 5. Ngf3 cxd4 6. Bc4 Qd6 7. O-O Nf6 8. Nb3 Nc6 9. Nbxd4 Nxd4 10. Nxd4 Bd7 11. c3 Qc7 12. Qe2 O-O-O 13. h3 Bd6 14. Be3 h6 15. Nb5 Bxb5 16. Bxb5 Bc5 17. Rfd1 Kb8 18. Bxc5 Qxc5 19. Rxd8+ Rxd8 20. Rd1 Rxd1+ 21. Qxd1 Kc7 22. Qd3 g5 23. Ba4 a6 24. Qg3+ Kc8 25. Qf3 Qe5 26. g3 h5 27. Qd3 Kc7 28. Bd1 Kb8 29. Bf3 Ka7 30. Qc4 Qf5 31. Qd4+ Kb8 32. Qd8+ Ka7 33. Qd4+ Kb8 34. Kg2 g4 35. Qd8+ Ka7 36. Qd4+ Kb8 37. hxg4 hxg4 38. Qd8+ Ka7 39. Qd4+ Kb8 40. Be2 Kc7 41. c4 e5 42. Qe3 Qe6 43. Qg5 Kd7 44. Kg1 Ke7 45. b3 a5 46. Qd2 Qb6 47. Bf1 Qc5 48. Bg2 b6 49. Qb2 Qd4 50. Qxd4 exd4 51. Kf1 Nd7 52. Ke2 Ne5 53. Be4 Kd6 54. Bd5 b5 55. Kd2 bxc4 56. bxc4 Kc5 57. Kc2 a4 58. a3 f6 59. Be6 Nxc4 60. Bxg4 Nxa3+ 61. Kd3 Nb5 62. f4 Nc3 63. Be6 Nd5 0-1

[Event "SDS Naestved Open"]
[Site "Naestved"]
[Date "1988.07.23"]
[Round "1"]
[White "Olsen, Nils Linde"]
[Black "Clementsson, Jan"]
[Result "1/2-1/2"]
[WhiteElo "2125"]
[BlackElo "2280"]
[PlyCount "69"]
[EventDate "1988.07.23"]
[EventType "swiss"]
[EventRounds "9"]
[EventCountry "DEN"]
[SourceTitle "Gl Danbase og ChessBase"]

1. d4 e6 2. Nf3 Nf6 3. Bf4 c5 4. c3 Qb6 5. Qc2 cxd4 6. cxd4 Nc6 7. e3 Bb4+ 8. Nfd2 d5 9. Nc3 Bd7 10. Bg5 Rc8 11. Be2 a6 12. O-O Bxc3 13. bxc3 Qa5 14. Bxf6 gxf6 15. c4 Qc7 16. Rab1 dxc4 17. Qxc4 b5 18. Qc5 f5 19. Nb3 Nd8 20. Qa3 Bc6 21. Rfc1 Qe7 22. Qxe7+ Kxe7 23. Bf3 Bb7 24. Rxc8 Bxc8 25. Rc1 Kd7 26. Kf1 f6 27. Ke2 e5 28. Kd2 Ne6 29. Nc5+ Nxc5 30. Rxc5 e4 31. Bd1 Kd6 32. Bb3 Bd7 33. Kc3 a5 34. a3 Rc8 35. Rxc8 1/2-1/2

[Event "SDS Naestved Open"]
[Site "Naestved"]
[Date "1988.07.23"]
[Round "1"]
[White "Riemersma, Liafbern"]
[Black "Hansen, Mads Smith"]
[Result "0-1"]
[WhiteElo "2380"]
[BlackElo "2245"]
[PlyCount "70"]
[EventDate "1988.07.23"]
[EventType "swiss"]
[EventRounds "9"]
[EventCountry "DEN"]
[SourceTitle "Gl Danbase og ChessBase"]

1. e4 c6 2. d4 d5 3. Nd2 dxe4 4. Nxe4 Nf6 5. Nxf6+ exf6 6. c3 Bd6 7. Bd3 O-O 8. Qc2 Re8+ 9. Ne2 Kh8 10. O-O Qc7 11. h3 Be6 12. b3 Nd7 13. Bb2 Nf8 14. Rad1 Rad8 15. c4 Ng6 16. Rfe1 Nh4 17. Nc3 Qc8 18. Bf1 Bb8 19. Re3 Bf4 20. Re2 Bf5 21. Ne4 Bb8 22. Rc1 Bxh3 23. gxh3 Nf3+ 24. Kg2 Ne1+ 25. Rexe1 f5 26. d5 fxe4 27. Rxe4 Rxe4 28. Qxe4 Re8 29. Qd4 Be5 30. Qd2 Bxb2 31. Qxb2 cxd5 32. cxd5 Qf5 33. Qd2 Rd8 34. Bc4 b5 35. Qa5 Qg5+ 0-1

[Event "SDS Naestved Open"]
[Site "Naestved"]
[Date "1988.07.23"]
[Round "1"]
[White "Schneider, Bernd"]
[Black "Jasnikowski, Zbigniew"]
[Result "1-0"]
[WhiteElo "2365"]
[BlackElo "2425"]
[PlyCount "99"]
[EventDate "1988.07.23"]
[EventType "swiss"]
[EventRounds "9"]
[EventCountry "DEN"]
[SourceTitle "Gl Danbase og ChessBase"]

1. g3 Nf6 2. Bg2 d5 3. Nf3 g6 4. c4 Bg7 5. cxd5 Nxd5 6. Nc3 O-O 7. O-O c5 8. d4 Nxc3 9. bxc3 Nc6 10. Rb1 Qa5 11. d5 Ne5 12. Nxe5 Bxe5 13. c4 Qxa2 14. Bb2 Bxb2 15. Qc2 e5 16. Rxb2 Qa6 17. f4 Qd6 18. Qc3 f6 19. e4 b6 20. h4 h6 21. Rbf2 Bd7 22. Qe3 Kg7 23. Kh2 a6 24. Bh3 Bxh3 25. Kxh3 b5 26. f5 g5 27. Ra2 Rfb8 28. Rfa1 b4 29. Ra5 b3 30. Rb1 Qb6 31. Ra3 b2 32. Qe2 Ra7 33. Qh5 Kg8 34. Ra2 gxh4 35. Raxb2 Qxb2 36. Rxb2 Rxb2 37. Qe8+ Kh7 38. Qg6+ Kh8 39. Qxf6+ Rg7 40. Qxh6+ Kg8 41. Qe6+ Kh7 42. g4 Rb3+ 43. Kxh4 Rb1 44. f6 Rh1+ 45. Kg3 Rg1+ 46. Kf3 R1xg4 47. Qxg4 Rxg4 48. Kxg4 Kg6 49. Kf3 Kxf6 50. Ke3 1-0

[Event "SDS Naestved Open"]
[Site "Naestved"]
[Date "1988.07.23"]
[Round "1"]
[White "Wedberg, Tom"]
[Black "Lindeman, Sven"]
[Result "1/2-1/2"]
[WhiteElo "2510"]
[BlackElo "2345"]
[PlyCount "41"]
[EventDate "1988.07.23"]
[EventType "swiss"]
[EventRounds "9"]
[EventCountry "DEN"]
[SourceTitle "Gl Danbase og ChessBase"]

1. e4 c5 2. Nf3 d6 3. d4 cxd4 4. Nxd4 Nf6 5. Nc3 g6 6. Bc4 Bg7 7. h3 Nc6 8. Be3 O-O 9. Bb3 Bd7 10. O-O a6 11. Re1 b5 12. Nd5 Nxd5 13. exd5 Ne5 14. Qe2 Qc7 15. c3 Bf6 16. Rad1 Rfc8 17. Nf3 a5 18. Bd4 a4 19. Bc2 a3 20. bxa3 Rxa3 21. Nxe5 1/2-1/2

[Event "SDS Naestved Open"]
[Site "Naestved"]
[Date "1988.07.23"]
[Round "1"]
[White "Ziegler, Ari"]
[Black "Berg, Klaus"]
[Result "0-1"]
[WhiteElo "2260"]
[BlackElo "2385"]
[PlyCount "146"]
[EventDate "1988.07.23"]
[EventType "swiss"]
[EventRounds "9"]
[EventCountry "DEN"]
[SourceTitle "Gl Danbase og ChessBase"]

1. e4 d5 2. exd5 Qxd5 3. Nc3 Qa5 4. d4 Nf6 5. Nf3 c6 6. Bc4 Bf5 7. Bd2 e6 8. Qe2 Bb4 9. Ne5 Nbd7 10. Nxd7 Nxd7 11. a3 Bxc3 12. Bxc3 Qc7 13. O-O Nf6 14. Bb3 O-O 15. Rad1 Rfe8 16. Rfe1 Ne4 17. Bd2 Nxd2 18. Rxd2 Rad8 19. c3 Re7 20. Qe3 h6 21. h3 Red7 22. Red1 b5 23. a4 a6 24. f4 c5 25. axb5 axb5 26. dxc5 Rxd2 27. Rxd2 Rxd2 28. Qxd2 Qxc5+ 29. Kh2 Be4 30. Bd1 g5 31. fxg5 hxg5 32. Bc2 Qe5+ 33. Kg1 Bc6 34. Bd3 Kg7 35. Qe2 Qxe2 36. Bxe2 f5 37. Bf3 Be8 38. Kf2 Kf6 39. Ke3 Ke5 40. g3 Kd6 41. Be2 e5 42. Kf2 e4 43. h4 gxh4 44. gxh4 Ke5 45. h5 f4 46. Bg4 Kf6 47. h6 Bg6 48. Be2 Kg5 49. Bxb5 Kxh6 50. Bc6 Kg5 51. b4 e3+ 52. Ke2 Bh5+ 53. Kd3 Kg4 54. b5 Kg3 55. b6 e2 56. b7 e1=Q 57. b8=Q Bg6+ 58. Kc4 Qe2+ 59. Kc5 Qe3+ 60. Kd6 Qxc3 61. Qg8 Qf6+ 62. Kc5 Qe7+ 63. Kb5 Qd6 64. Bd5 Kf2 65. Kc4 Ke3 66. Kb3 Kd4 67. Kb2 Qxd5 68. Qxg6 Qb5+ 69. Kc1 Qc4+ 70. Kd2 Qc3+ 71. Ke2 f3+ 72. Kf1 Qc1+ 73. Kf2 Qe3+ 0-1

[Event "SDS Naestved Open"]
[Site "Naestved"]
[Date "1988.07.23"]
[Round "1"]
[White "Zsinka, Laszlo"]
[Black "Pilgaard, Kim"]
[Result "1-0"]
[WhiteElo "2420"]
[BlackElo "2280"]
[PlyCount "115"]
[EventDate "1988.07.23"]
[EventType "swiss"]
[EventRounds "9"]
[EventCountry "DEN"]
[SourceTitle "Gl Danbase og ChessBase"]

1. d4 Nf6 2. c4 e6 3. Nc3 Bb4 4. e3 c5 5. Bd3 Nc6 6. Nf3 Bxc3+ 7. bxc3 d6 8. e4 e5 9. h3 h6 10. Be3 b6 11. Qe2 Bd7 12. a4 a5 13. O-O O-O 14. Rfd1 Qe8 15. dxc5 dxc5 16. Nd2 Ne7 17. Bc2 Ng6 18. Nf1 Bc6 19. Rd6 Kh7 20. Ng3 Rd8 21. Rxf6 gxf6 22. Nf5 Rh8 23. Bxh6 Kg8 24. Bg7 Rh7 25. Bxf6 Rd7 26. h4 Qe6 27. Bg5 f6 28. Bh6 Kf7 29. g3 Rd8 30. Rb1 Bb7 31. h5 Ne7 32. Nxe7 Kxe7 33. Be3 Bc8 34. h6 Kd7 35. Bd1 Kc7 36. Qb2 Rd3 37. Qe2 Qxc4 38. Qf3 Rd6 39. Bb3 Qxc3 40. Qe2 Qd3 41. Qa2 Re7 42. Bc2 Qe2 43. Qb2 Kd8 44. Qc3 Qf3 45. Kh2 Qh5+ 46. Kg1 Rc7 47. Bd3 Bb7 48. Qc4 Ke7 49. Bc2 Rc8 50. Kg2 f5 51. Rh1 Qf7 52. Bg5+ Ke8 53. Qc3 Kd7 54. h7 Rh8 55. Qxe5 Rxh7 56. Bf4 Rc6 57. Qb8 Bc8 58. Qa7+ 1-0

[Event "SDS Naestved Open"]
[Site "Naestved"]
[Date "1988.07.24"]
[Round "2"]
[White "Bronnum, Jan"]
[Black "Kaspersen, Morten"]
[Result "1-0"]
[WhiteElo "2130"]
[BlackElo "2250"]
[PlyCount "121"]
[EventDate "1988.07.23"]
[EventType "swiss"]
[EventRounds "9"]
[EventCountry "DEN"]
[SourceTitle "Gl Danbase og ChessBase"]

1. d4 Nf6 2. Nf3 g6 3. c4 Bg7 4. Nc3 c5 5. e4 cxd4 6. Nxd4 Nc6 7. Be3 Ng4 8. Qxg4 Nxd4 9. Qd1 Ne6 10. Qd2 Qa5 11. Rc1 b6 12. Be2 Bb7 13. f3 g5 14. O-O h5 15. b3 d6 16. Nd5 Qxd2 17. Bxd2 Bd4+ 18. Kh1 f6 19. Bc3 Be5 20. a4 Rc8 21. Rfd1 Kf7 22. b4 Bxd5 23. exd5 Nf4 24. Bf1 Bxc3 25. Rxc3 Rc7 26. g3 Ng6 27. Bh3 Ne5 28. Be6+ Kg6 29. Rd4 a5 30. f4 axb4 31. Rb3 Nd7 32. Rxb4 Ra8 33. fxg5 fxg5 34. g4 Ne5 35. h3 h4 36. Kg2 Rca7 37. Bf5+ Kg7 38. Bc2 Rc7 39. Re4 Rf8 40. Rxb6 Rf3 41. Rb3 Rf8 42. Rc3 Rc5 43. Bb3 Rfc8 44. Rd4 Kf7 45. Kf2 Rf8 46. Ke2 Ke8 47. Rd1 Rf4 48. Ra1 Kd7 49. a5 Rf8 50. Ba4+ Kc7 51. Bb5 Kb7 52. Rf1 Rxf1 53. Kxf1 Rc8 54. Ke2 Ng6 55. Rb3 Ka7 56. Rf3 Nf4+ 57. Ke3 Rc5 58. Rxf4 gxf4+ 59. Kxf4 Rc8 60. g5 Kb7 61. g6 1-0

[Event "SDS Naestved Open"]
[Site "Naestved"]
[Date "1988.07.24"]
[Round "2"]
[White "Dobosz, Henryk"]
[Black "Kamaras, Peter"]
[Result "1-0"]
[WhiteElo "2410"]
[BlackElo "2265"]
[PlyCount "35"]
[EventDate "1988.07.23"]
[EventType "swiss"]
[EventRounds "9"]
[EventCountry "DEN"]
[SourceTitle "Gl Danbase og ChessBase"]

1. d4 Nf6 2. c4 e5 3. dxe5 Ng4 4. e4 Nxe5 5. a3 a5 6. f4 Nec6 7. Be3 Na6 8. Nc3 Bc5 9. Qd2 O-O 10. Nf3 Re8 11. Bd3 d6 12. O-O Bg4 13. Rae1 Qd7 14. Nd5 Bxe3+ 15. Rxe3 Nc5 16. Bc2 a4 17. Nd4 Ne7 18. f5 1-0

[Event "SDS Naestved Open"]
[Site "Naestved"]
[Date "1988.07.24"]
[Round "2"]
[White "Ernst, Thomas"]
[Black "Friis, Carsten Bank"]
[Result "1-0"]
[WhiteElo "2450"]
[BlackElo "2310"]
[PlyCount "81"]
[EventDate "1988.07.23"]
[EventType "swiss"]
[EventRounds "9"]
[EventCountry "DEN"]
[SourceTitle "Gl Danbase og ChessBase"]

1. e4 e5 2. Nf3 Nc6 3. Bb5 a6 4. Ba4 Nf6 5. O-O Be7 6. Re1 b5 7. Bb3 O-O 8. c3 d6 9. h3 Na5 10. Bc2 c5 11. d4 Qc7 12. Nbd2 Nc6 13. d5 Nd8 14. a4 Rb8 15. axb5 axb5 16. Nf1 Ne8 17. N3h2 f6 18. f4 exf4 19. Bxf4 Nf7 20. Ne3 Ne5 21. Nf3 g6 22. Rf1 Rf7 23. Qd2 Bf8 24. Kh1 Bg7 25. Ra2 Qe7 26. b4 Qc7 27. Bb3 Bd7 28. bxc5 Qxc5 29. Nd4 Rc8 30. Rc1 Re7 31. Ne6 Bxe6 32. dxe6 Nc4 33. Bxc4 bxc4 34. Qd5 Nc7 35. Qxc5 dxc5 36. Nd5 Nxd5 37. exd5 Rd8 38. Rd2 h6 39. Re1 g5 40. d6 Ree8 41. d7 1-0

[Event "SDS Naestved Open"]
[Site "Naestved"]
[Date "1988.07.24"]
[Round "2"]
[White "Hansen, Soren Bech"]
[Black "Hoi, Carsten"]
[Result "0-1"]
[WhiteElo "2255"]
[BlackElo "2455"]
[PlyCount "80"]
[EventDate "1988.07.23"]
[EventType "swiss"]
[EventRounds "9"]
[EventCountry "DEN"]
[SourceTitle "Gl Danbase og ChessBase"]

1. e4 d6 2. d4 Nf6 3. Nc3 g6 4. f4 Bg7 5. Nf3 O-O 6. Bd3 Nbd7 7. e5 Ne8 8. Ne4 c5 9. c3 cxd4 10. cxd4 Nc7 11. O-O Nb6 12. h3 Nbd5 13. Bd2 Ne6 14. Nfg5 Qb6 15. Kh1 Qxd4 16. Qf3 Nxg5 17. Nxg5 dxe5 18. fxe5 Be6 19. Rae1 Nb4 20. Bxb4 Qxb4 21. Qg3 Rad8 22. Rf4 Qd2 23. Qh4 h6 24. Bxg6 Qxe1+ 25. Qxe1 hxg5 26. Bxf7+ Rxf7 27. Rxf7 Bxf7 28. Qe3 Rd1+ 29. Kh2 Rd5 30. Qxg5 Rxe5 31. Qg3 Bxa2 32. h4 Bd5 33. Qd3 Bf7 34. g4 Rd5 35. Qe3 Re5 36. Qxa7 Re2+ 37. Kg3 Bd5 38. Kf4 Re4+ 39. Kf5 Kf7 40. Qf2 Bf6 0-1

[Event "SDS Naestved Open"]
[Site "Naestved"]
[Date "1988.07.24"]
[Round "2"]
[White "Haugli, Petter"]
[Black "Jansa, Vlastimil"]
[Result "0-1"]
[WhiteElo "2330"]
[BlackElo "2470"]
[PlyCount "54"]
[EventDate "1988.07.23"]
[EventType "swiss"]
[EventRounds "9"]
[EventCountry "DEN"]
[SourceTitle "Gl Danbase og ChessBase"]

1. e4 d6 2. d4 Nf6 3. Nc3 g6 4. Be3 Bg7 5. h3 O-O 6. Nf3 b6 7. Bd3 Bb7 8. O-O c5 9. Qe2 cxd4 10. Nxd4 Nbd7 11. Nb3 a6 12. a4 Qc7 13. Rad1 e6 14. f4 Nc5 15. a5 Nfxe4 16. Nxe4 Nxe4 17. Bxb6 Qc6 18. Rfe1 Nf6 19. Nd4 Qc8 20. c4 Nd7 21. Nb3 Nxb6 22. axb6 a5 23. Be4 a4 24. Bxb7 Qxb7 25. Rxd6 axb3 26. Qd3 Bxb2 27. c5 Ba3 0-1

[Event "SDS Naestved Open"]
[Site "Naestved"]
[Date "1988.07.24"]
[Round "2"]
[White "Jakobsen, Ole"]
[Black "Barbero, Gerardo F"]
[Result "1/2-1/2"]
[WhiteElo "2385"]
[BlackElo "2505"]
[PlyCount "96"]
[EventDate "1988.07.23"]
[EventType "swiss"]
[EventRounds "9"]
[EventCountry "DEN"]
[SourceTitle "Gl Danbase og ChessBase"]

1. c4 f5 2. d4 Nf6 3. g3 e6 4. Bg2 Bb4+ 5. Nd2 O-O 6. Ngf3 d6 7. O-O Bxd2 8. Bxd2 Qe7 9. Bc3 Ne4 10. Qc2 Nd7 11. Rfd1 Nxc3 12. Qxc3 e5 13. dxe5 dxe5 14. b4 e4 15. Nd4 f4 16. Nc2 Nf6 17. gxf4 Bg4 18. Qe3 Rae8 19. Rd4 c5 20. bxc5 Qxc5 21. Rb1 b6 22. h3 Bc8 23. Qd2 Qh5 24. Qe3 Qh6 25. Rd6 Re6 26. Rxe6 Bxe6 27. f5 Bxc4 28. Qxh6 gxh6 29. Nd4 Rc8 30. Rc1 Rc5 31. a3 Ba6 32. Rxc5 bxc5 33. Ne6 c4 34. Kf1 c3 35. Ke1 Bb7 36. Nd4 Kf8 37. e3 Ba6 38. Kd1 Bd3 39. Ne6+ Ke7 40. Nc5 Kd6 41. Nxd3 exd3 42. Bf1 d2 43. Bd3 h5 44. Ke2 Kc5 45. Bc2 Kc4 46. e4 Kd4 47. f3 h4 48. f4 a5 1/2-1/2

[Event "SDS Naestved Open"]
[Site "Naestved"]
[Date "1988.07.24"]
[Round "2"]
[White "Jasnikowski, Zbigniew"]
[Black "Blaess, Gunnar"]
[Result "1-0"]
[WhiteElo "2425"]
[BlackElo "2285"]
[PlyCount "74"]
[EventDate "1988.07.23"]
[EventType "swiss"]
[EventRounds "9"]
[EventCountry "DEN"]
[SourceTitle "Gl Danbase og ChessBase"]

1. d4 f5 2. c4 Nf6 3. Nf3 g6 4. Nc3 Bg7 5. g3 O-O 6. Bg2 d6 7. O-O c6 8. d5 Qa5 9. Be3 Qa6 10. Qb3 h6 11. c5 Kh7 12. cxd6 exd6 13. Nd4 Ng4 14. dxc6 bxc6 15. Ne6 Bxe6 16. Qxe6 Nxe3 17. Qxe3 Qb6 18. Qd2 d5 19. Rab1 Nd7 20. b4 a6 21. a4 Ne5 22. a5 Nc4 23. Qd3 Qd4 24. Qxd4 Bxd4 25. Rfc1 Rab8 26. e3 Nxe3 27. Ne2 Ba7 28. Rxc6 Rf7 29. fxe3 Bxe3+ 30. Kf1 d4 31. Nf4 g5 32. Bd5 Re7 33. Nd3 f4 34. gxf4 gxf4 35. Rxa6 Rb5 36. Re6 Rxe6 37. Bxe6 Rg5 1-0

[Event "SDS Naestved Open"]
[Site "Naestved"]
[Date "1988.07.24"]
[Round "2"]
[White "Mortensen, Peter Munch"]
[Black "Horvath, Tamas"]
[Result "0-1"]
[WhiteElo "2270"]
[BlackElo "2410"]
[PlyCount "112"]
[EventDate "1988.07.23"]
[EventType "swiss"]
[EventRounds "9"]
[EventCountry "DEN"]
[SourceTitle "Gl Danbase og ChessBase"]

1. d4 Nf6 2. Nf3 c5 3. d5 g6 4. Nc3 Bg7 5. e4 O-O 6. Be2 d6 7. O-O Bg4 8. Nd2 Bxe2 9. Qxe2 Na6 10. Nc4 Nc7 11. a4 Re8 12. Bg5 e6 13. Qf3 e5 14. Nd1 h6 15. Bh4 Rf8 16. Nde3 Nce8 17. Kh1 Qd7 18. g4 Nh7 19. Rg1 Kh8 20. Ra3 Nef6 21. Qg2 Ng8 22. Nd1 Ne7 23. Bg3 Nf6 24. h3 Rae8 25. Nc3 a6 26. Rb3 Nc8 27. f3 Qc7 28. a5 Nd7 29. Bf2 Re7 30. Nd1 Na7 31. Nb6 Nb5 32. c3 Kh7 33. Ne3 Nxb6 34. axb6 Qd7 35. Nc4 Bh8 36. Be3 Ree8 37. Na3 Nxa3 38. Rxa3 Rg8 39. b4 cxb4 40. cxb4 Rc8 41. Qd2 Bf6 42. Raa1 Rc4 43. Rac1 Rgc8 44. Rxc4 Rxc4 45. Bxh6 Bd8 46. Rc1 Rd4 47. Qe3 Bxb6 48. Qg5 Bd8 49. Qe3 Qe7 50. f4 Bb6 51. Qe2 Kxh6 52. g5+ Kg7 53. Qg4 exf4 54. Qc8 Qxe4+ 55. Kg1 Rd1+ 56. Kh2 Qh1# 0-1

[Event "SDS Naestved Open"]
[Site "Naestved"]
[Date "1988.07.24"]
[Round "2"]
[White "Schneider, Bernd"]
[Black "Armas, Jules"]
[Result "1-0"]
[WhiteElo "2365"]
[BlackElo "2460"]
[PlyCount "117"]
[EventDate "1988.07.23"]
[EventType "swiss"]
[EventRounds "9"]
[EventCountry "DEN"]
[SourceTitle "Gl Danbase og ChessBase"]

1. c4 c5 2. Nf3 Nf6 3. Nc3 g6 4. d4 cxd4 5. Nxd4 b6 6. e4 d6 7. Bg5 Bg7 8. Nd5 Nxd5 9. cxd5 O-O 10. Be2 Bb7 11. Qd2 Nd7 12. O-O Nc5 13. f3 a5 14. Rac1 Qc7 15. b3 Ba6 16. Bxa6 Rxa6 17. a3 Qb7 18. Bh6 Bxh6 19. Qxh6 b5 20. Qd2 a4 21. bxa4 bxa4 22. Rb1 Rb6 23. Rxb6 Qxb6 24. Qb4 Qa6 25. Nc6 Ra8 26. Qc3 Qb6 27. Qb4 Qa6 28. Qc3 Qb5 29. h4 Qb3 30. Qc1 Nd3 31. Qg5 f6 32. Qg4 Ne5 33. Nxe5 dxe5 34. h5 Kf8 35. Kh2 Qxa3 36. Qe6 Kg7 37. Qd7 Rg8 38. Rb1 Qd6 39. Qb7 Rd8 40. Rb6 Qc5 41. Rc6 Qf2 42. Qxe7+ Kh6 43. Qxf6 Rg8 44. Kh3 a3 45. Qxe5 Rf8 46. hxg6 hxg6 47. Qg3 Qxg3+ 48. Kxg3 Ra8 49. Rc1 a2 50. Ra1 Kg5 51. f4+ Kf6 52. Kg4 Ra3 53. e5+ Kf7 54. Kh4 Ra4 55. Kg5 Ra5 56. g3 Kg7 57. g4 Ra3 58. e6 Ra5 59. f5 1-0

[Event "SDS Naestved Open"]
[Site "Naestved"]
[Date "1988.07.24"]
[Round "2"]
[White "Sorensen, Torben N"]
[Black "Wedberg, Tom"]
[Result "1/2-1/2"]
[WhiteElo "2335"]
[BlackElo "2510"]
[PlyCount "81"]
[EventDate "1988.07.23"]
[EventType "swiss"]
[EventRounds "9"]
[EventCountry "DEN"]
[SourceTitle "Gl Danbase og ChessBase"]

1. Nf3 c5 2. c4 Nc6 3. g3 e5 4. Nc3 g6 5. Bg2 Bg7 6. d3 Nge7 7. Bg5 f6 8. Bd2 d6 9. a3 a6 10. O-O Rb8 11. Ne1 b5 12. b3 Be6 13. Nc2 O-O 14. Ne3 Qd7 15. Rb1 Bh3 16. Bxh3 Qxh3 17. Ned5 Qd7 18. cxb5 axb5 19. b4 Nxd5 20. Nxd5 Qa7 21. Be3 Nd4 22. bxc5 dxc5 23. Nc3 Qxa3 24. Bxd4 cxd4 25. Nxb5 Qe7 26. Qb3+ Kh8 27. Qa3 Qd7 28. Nd6 Ra8 29. Qc5 Rfd8 30. Nc4 Ra2 31. Ra1 Qa4 32. Qe7 Rf8 33. Rab1 Qe8 34. Qxe8 Rxe8 35. Nd6 Rea8 36. Rb7 R2a7 37. Rfb1 Rxb7 38. Rxb7 Kg8 39. Kg2 Rd8 40. Nc4 Rf8 41. Re7 1/2-1/2

[Event "SDS Naestved Open"]
[Site "Naestved"]
[Date "1988.07.24"]
[Round "2"]
[White "Stempin, Pawel"]
[Black "Simon, Ralf Axel"]
[Result "1/2-1/2"]
[WhiteElo "2435"]
[BlackElo "2285"]
[PlyCount "68"]
[EventDate "1988.07.23"]
[EventType "swiss"]
[EventRounds "9"]
[EventCountry "DEN"]
[SourceTitle "Gl Danbase og ChessBase"]

1. d4 d5 2. Nf3 e6 3. c4 Nf6 4. Nc3 c6 5. Bg5 h6 6. Bxf6 Qxf6 7. e3 Nd7 8. Bd3 Qd8 9. a3 Be7 10. Qc2 O-O 11. O-O f5 12. cxd5 cxd5 13. Rfc1 a6 14. b4 Bd6 15. Rab1 Nf6 16. Na4 Rf7 17. Qb2 Ne4 18. Ne5 Bxe5 19. dxe5 Bd7 20. Nc5 Nxc5 21. Rxc5 Bc6 22. Qd4 Rc7 23. h3 Rac8 24. Kh2 Be8 25. Rbc1 Qe7 26. f4 Rxc5 27. Rxc5 Rxc5 28. bxc5 Qh4 29. Bxf5 exf5 30. Qxd5+ Kh7 31. Qxb7 Qf2 32. Qc8 Qxe3 33. Qxe8 Qxf4+ 34. Kh1 Qf1+ 1/2-1/2